Normal view
MARC view
Entry Topical Term
001 - CONTROL NUMBER
- control field: 24489
003 - CONTROL NUMBER IDENTIFIER
- control field: dpl
005 - DATE AND TIME OF LATEST TRANSACTION
- control field: 20101129115247.0
008 - FIXED-LENGTH DATA ELEMENTS
- fixed length control field: 101129|||a|||||| | ||| d
040 ## - CATALOGING SOURCE
- Original cataloging agency: dpl
- Transcribing agency: dpl
150 ## - HEADING--TOPICAL TERM
- Topical term or geographic name as entry element: Bank Management
670 ## - SOURCE DATA FOUND
- Source citation: Work cat.: (dpl): Vinimaya, 2010-
670 ## - SOURCE DATA FOUND
- Source citation: Work cat.: (dpl): Vinimaya, 2010-
